000 00940nam a22002777a 4500
001 BR9704369
003 BR-BrBNA
005 20230928095729.0
007 ta
008 230509b bl.||||| |||| 00| 0 por d
040 _aBR-BrBNA
_bpor
_cBiblioteca Nacional de Agricultura
041 _a(Por)
072 _aE14; F03
_b3575
090 _ 3575 BR9704369
110 1 _aSecretaria Nacional de Producao Agropecuaria, Brasilia, DF (Brasil). Secretaria de Producao Vegetal. Coordenadoria de Sementes e Mudas
_99240
245 1 _aSintese e consolidacao dos relatorios mensais de acompanhamento do programa de sementes 1980/81; situacao em agosto/setembro
260 3 _aBrasilia, DF (Brasil):
_c1981.
300 _a37 p.
500 _a23 tables
650 _aSemente
650 _aPrograma de Desenvolvimento
650 _aProducao Vegetal
650 _aCertificacao de Semente
909 _a202309
_bLucia
_c55
_dLucia Elande
942 _cBK
999 _c58331
_d58331